|
|
|
|
| LEADER |
01447nam a2200385 a 4500 |
| 001 |
000558096 |
| 003 |
CZ BrMZK |
| 005 |
20091023110221.0 |
| 007 |
ta |
| 008 |
000115s2001 xr e p 000 0 cze d |
| 015 |
|
|
|a cnb001002583
|
| 020 |
|
|
|a 80-245-0136-8
|
| 035 |
|
|
|a (OCoLC)48708664
|
| 040 |
|
|
|a BOA001
|b cze
|
| 072 |
|
7 |
|a 004.4/.6
|x Programování. Software
|2 Konspekt
|9 23
|
| 072 |
|
7 |
|a 37.016
|x Učební osnovy. Vyučovací předměty. Učebnice
|2 Konspekt
|9 22
|
| 080 |
|
|
|a 004.42Word
|2 MRF
|
| 080 |
|
|
|a 004.912
|2 MRF
|
| 080 |
|
|
|a (075.8)
|2 MRF
|
| 100 |
1 |
|
|a Kubálek, Tomáš,
|d 1963-
|7 jo2002103223
|4 aut
|
| 245 |
1 |
0 |
|a Manažerská informatika.
|p Textový procesor Microsoft Word verze 2000 CZ /
|c Tomáš Kubálek, Ivana Topolová
|
| 246 |
3 |
0 |
|a Textový procesor Microsoft Word verze 2000 CZ
|
| 250 |
|
|
|a 1. vyd.
|
| 260 |
|
|
|a V Praze :
|b Vysoká škola ekonomická,
|c 2001
|
| 300 |
|
|
|a 160 s. :
|b il. ;
|c 30 cm
|
| 490 |
1 |
|
|a MS Office 2000
|
| 650 |
0 |
7 |
|a Microsoft Word 2000
|7 ph117882
|2 czenas
|
| 650 |
0 |
7 |
|a textové procesory
|7 ph116449
|2 czenas
|
| 655 |
|
7 |
|a učebnice vysokých škol
|7 fd133772
|2 czenas
|
| 700 |
1 |
|
|a Topolová, Ivana
|7 mzk2003171628
|
| 710 |
2 |
|
|a Vysoká škola ekonomická v Praze.
|b Podnikohospodářská fakulta
|7 kn20010709402
|
| 830 |
|
0 |
|a MS Office 2000
|
| 910 |
|
|
|a BOA001
|b 4-1084.336
|
| 990 |
|
|
|a BK
|
| 996 |
6 |
|
|b 2610133612
|c 4-1084.336
|l MZK
|r Sklad / do 1 hodiny
|n 0
|p p.v.
|w 000558096
|u 000010
|a 1
|e BOA001
|j MZK50
|s P
|